Historia mínima del confucianismo /

Bibliographic Details
Main Authors: Botton Beja, Flora (Author), Cervera Jiménez, José Antonio, 1970- (Author)
Format: Electronic eBook
Language:Spanish
Published: Ciudad de México : El Colegio de México, 2021.
Edition:Primera edición electrónica.
Series:Historia mínima (Mexico City, Mexico).
Subjects:
Online Access:Digitalia Hispánica

MARC

LEADER 00000nam a2200000Ii 4500
001 DIGCOLMX0029
003 NyNyDIG
007 cr |||||||||||
008 211112s2021 mx a ob 000 0 spa d
006 m o d
035 |a (OCoLC)1287831144 
040 |a DGITA  |b eng  |e rda  |e pn  |c DGITA 
020 |a 9786075642765  |q eBook 
020 |z 9786075641744 
050 1 4 |a BL1853 ebook 
082 1 4 |a 299.512 
100 1 |a Botton Beja, Flora,  |e author. 
245 1 0 |a Historia mínima del confucianismo /  |c Flora Botton Beja, José Antonio Cervera y Yong Chen. 
250 |a Primera edición electrónica. 
264 1 |a Ciudad de México :  |b El Colegio de México,  |c 2021. 
300 |a 1 online resource :  |b illustrations. 
336 |a text  |b txt  |2 rdacontent 
337 |a computer  |b c  |2 rdamedia 
338 |a online resource  |b cr  |2 rdacarrier 
347 |a text file  |2 rdaft 
347 |b EPUB 
490 1 |a Colección Historias mínimas 
504 |a Includes bibliographical references. 
588 0 |a Online resource; title from ePub title page (Digitalia, viewed November 12, 2021) 
650 0 |a Confucianism. 
655 0 |a Electronic books. 
700 1 |a Cervera Jiménez, José Antonio,  |d 1970-  |e author. 
791 2 |a Digitalia (Firm),  |e distributor. 
793 0 |g Digitalia eBook Collection:  |a El Colegio de México 
776 0 8 |i Print version:  |a Botton Beja, Flora.  |t Historia mínima del confucianismo.  |b Primera edición.  |d Ciudad de México : El Colegio de México, 2021  |z 9786075641744 
830 0 |a Historia mínima (Mexico City, Mexico). 
856 4 0 |3 Digitalia Hispánica  |u https://www.digitaliapublishing.com/a/102640/ 
910 |a Premium collection: 2021